00968cam a2200253 i 4500003000900000005001700009007000300026008004100029040003000070082001900100110009700119245005900216264008900275300002500364336002700389337003400416338002800450500004600478590002700524910001400551942001400565952011800579999001700697DO-SdBNP20250617152951.0ta250617s1983 dr 000 0 spa d aDO-SdBNPbspacBNPHUerda axxxbR426r2221 aRepública Dominicana.bSecretaría de Estado de Educación, Bellas Artes y Cultos92396510aReglamento de la educación secundaria y normalista / 1aSanto Domingo :bSecretaria de Estado de Educación, Bellas Artes y Cultos, c1983. a80 páginasc21 cm. atextobtxt2rdacontent asin mediación bn2rdamedia avolumenbnc2rdacarrier aDirección General de Educación Media. aInventariado, 2025/ YL aYLockward 2ddccLBS1 00102ddc51708PDaBNPHUbBNPHUcCTd2025-06-17l0oBNPHU PD xxx R426rp2025-5359r2025-06-17w2025-06-17yLBS1 c59324d59324